000 00645nam a2200241Ia 4500
003 OSt
005 20220924121816.0
006 a|||||r|||| 00| 0
007 ta
008 220923b |||||||| |||| 00| 0 urd d
020 _c3.37
024 _a321484
037 _cTextual
040 _aARTS
_cARTS
_burd
041 _2urd
_aurd
082 _aQ7:21:g, 168E4;K0
100 _aWaliullah Shah Au.
_9187380
245 0 _aAl-fauzul Kabeer
260 _aKarachi
_bUrdu academy Pakistan
_c1960
650 _aQURAN
_933479
942 _hQ7:21:g, 168E4;K0
_cTEXL
_2CC
999 _c409137
_d409137